[Event "Bundesliga 9495"]
[Site "Deutschland"]
[Date "1995.??.??"]
[Round "?.4"]
[White "Tischbierek, Raj"]
[Black "Vaganian, Rafael A"]
[Result "1/2-1/2"]
[WhiteElo "2520"]
[BlackElo "2640"]
[PlyCount "68"]
[EventDate "1994.10.??"]
[EventType "team"]
[EventRounds "15"]
[EventCountry "GER"]
[SourceTitle "Bundesliga 9495"]
[Source "DeepChess"]
[SourceDate "2005.01.01"]
[SourceVersion "1"]
[SourceVersionDate "2005.01.01"]
[SourceQuality "1"]
[WhiteTeam "Muenchener SC 1836 e.V."]
[BlackTeam "SG Porz e.V."]
[WhiteTeamCountry "GER"]
[BlackTeamCountry "GER"]

1. e4 Nf6 2. e5 Nd5 3. d4 d6 4. Nf3 g6 5. Bc4 c6 6. exd6 Qxd6 7. O-O Bg7 8. Re1
Bg4 9. Nbd2 O-O 10. h3 Bxf3 11. Nxf3 e6 12. Bf1 c5 13. c4 Ne7 14. dxc5 Qxc5 15.
Rb1 Qc7 16. b4 Nbc6 17. Qc2 Nf5 18. c5 Rfd8 19. Qe4 Nfd4 20. Bf4 Nxf3+ 21. Qxf3
e5 22. Bg5 Rd7 23. Qb3 Nd4 24. Qc4 h6 25. Be3 Rad8 26. b5 Bf8 27. c6 Rd5 28.
Rec1 Rc5 29. Qa4 bxc6 30. Rxc5 Bxc5 31. bxc6 Bb6 32. Bxh6 Qxc6 33. Qxc6 Nxc6
34. Rc1 Rd6 1/2-1/2

[Event "Bundesliga 9495"]
[Site "Deutschland"]
[Date "1995.??.??"]
[Round "?.6"]
[White "Sandor, Christian"]
[Black "Brunner, Lucas"]
[Result "1/2-1/2"]
[WhiteElo "2420"]
[BlackElo "2535"]
[PlyCount "81"]
[EventDate "1994.10.??"]
[EventType "team"]
[EventRounds "15"]
[EventCountry "GER"]
[SourceTitle "Bundesliga 9495"]
[Source "DeepChess"]
[SourceDate "2005.01.01"]
[SourceVersion "1"]
[SourceVersionDate "2005.01.01"]
[SourceQuality "1"]
[WhiteTeam "Muenchener SC 1836 e.V."]
[BlackTeam "SG Porz e.V."]
[WhiteTeamCountry "GER"]
[BlackTeamCountry "GER"]

1. e4 c6 2. d4 d5 3. e5 Bf5 4. Nc3 e6 5. g4 Bg6 6. Nge2 Ne7 7. Bg2 h5 8. h3
hxg4 9. hxg4 Rxh1+ 10. Bxh1 c5 11. Bg5 Nbc6 12. dxc5 Nxe5 13. Nd4 Qa5 14. Qe2
N5c6 15. Nb3 Qb4 16. O-O-O O-O-O 17. Nb5 a6 18. Nd6+ Kb8 19. a3 Qa4 20. Bh4 Ka7
21. Bg3 Nc8 22. Qe3 Ka8 23. Bh4 Nxd6 24. Bxd8 Nc4 25. Qc3 Nxd8 26. f4 Be7 27.
f5 Bf6 28. Nd4 Nc6 29. fxg6 Nxd4 30. Rxd4 fxg6 31. Rxc4 dxc4 32. Qb4 Qxb4 33.
axb4 c3 34. b3 Kb8 35. Be4 g5 36. Kd1 Be7 37. Ke2 a5 38. bxa5 Bxc5 39. Kd3 Bb4
40. Kc4 Bxa5 41. b4 1/2-1/2

[Event "Bundesliga 9495"]
[Site "Deutschland"]
[Date "1995.??.??"]
[Round "?.7"]
[White "Mainka, Romuald"]
[Black "Reich, Thomas"]
[Result "1/2-1/2"]
[WhiteElo "2515"]
[BlackElo "2400"]
[PlyCount "120"]
[EventDate "1994.10.??"]
[EventType "team"]
[EventRounds "15"]
[EventCountry "GER"]
[SourceTitle "Bundesliga 9495"]
[Source "DeepChess"]
[SourceDate "2005.01.01"]
[SourceVersion "1"]
[SourceVersionDate "2005.01.01"]
[SourceQuality "1"]
[WhiteTeam "SG Porz e.V."]
[BlackTeam "Muenchener SC 1836 e.V."]
[WhiteTeamCountry "GER"]
[BlackTeamCountry "GER"]

1. e4 c5 2. Nf3 d6 3. d4 cxd4 4. Nxd4 Nf6 5. Nc3 g6 6. Be3 Bg7 7. f3 O-O 8. Qd2
Nc6 9. O-O-O a6 10. Kb1 Nxd4 11. Bxd4 b5 12. g4 Bb7 13. g5 Nh5 14. Bxg7 Kxg7
15. Nd5 Bxd5 16. exd5 Qb6 17. Bh3 f6 18. Rhe1 Ra7 19. Bg4 Rc7 20. Re2 Kh8 21.
Bxh5 gxh5 22. Rg2 Rg8 23. h4 Qc5 24. f4 Qc4 25. b3 Qc3 26. Qe2 Qh3 27. Rdg1
fxg5 28. fxg5 Qf5 29. Qd2 Qg6 30. Qd4+ Qg7 31. Qd1 Qg6 32. Re1 a5 33. Re6 Qf7
34. Rge2 b4 35. Qd2 Rg6 36. Rf2 Qg7 37. Re4 h6 38. Ref4 Qc3 39. Qd1 e5 40. dxe6
Rxe6 41. Rf8+ Kh7 42. Re2 Rxe2 43. Qxe2 Qe5 44. Qd3+ Kg7 45. Rf5 Qe1+ 46. Kb2
Qc3+ 47. Qxc3+ Rxc3 48. Rxa5 Rh3 49. gxh6+ Kxh6 50. Rd5 Rxh4 51. Rxd6+ Kg5 52.
a3 bxa3+ 53. Kxa3 Rf4 54. c4 h4 55. c5 h3 56. b4 h2 57. Rd1 Rh4 58. Rh1 Kf6 59.
Ka4 Ke7 60. Ka5 Kd7 1/2-1/2

[Event "Bundesliga 9495"]
[Site "Deutschland"]
[Date "1995.??.??"]
[Round "?.8"]
[White "Geisler, Fabian"]
[Black "Ostermeyer, Peter"]
[Result "1/2-1/2"]
[WhiteElo "2310"]
[BlackElo "2390"]
[PlyCount "83"]
[EventDate "1994.10.??"]
[EventType "team"]
[EventRounds "15"]
[EventCountry "GER"]
[SourceTitle "Bundesliga 9495"]
[Source "DeepChess"]
[SourceDate "2005.01.01"]
[SourceVersion "1"]
[SourceVersionDate "2005.01.01"]
[SourceQuality "1"]
[WhiteTeam "Muenchener SC 1836 e.V."]
[BlackTeam "SG Porz e.V."]
[WhiteTeamCountry "GER"]
[BlackTeamCountry "GER"]

1. e4 c5 2. Nf3 d6 3. d4 Nf6 4. Nc3 cxd4 5. Nxd4 a6 6. Be2 e5 7. Nb3 Be7 8. O-O
Be6 9. Be3 Nbd7 10. a4 Rc8 11. Qd2 Nb6 12. a5 Nc4 13. Bxc4 Rxc4 14. f3 O-O 15.
Rf2 d5 16. exd5 Nxd5 17. Nxd5 Qxd5 18. Qxd5 Bxd5 19. Rd2 Be6 20. Nc1 Rfc8 21.
c3 f6 22. Ne2 Kf7 23. b3 R4c6 24. c4 Bb4 25. Rdd1 Ke7 26. Ra4 Rd6 27. Rxd6 Bxd6
28. Nc3 f5 29. Kf2 h6 30. Ke2 g5 31. Ra1 Bb4 32. Na4 Bxa5 33. Nc5 Bc3 34. Ra4
f4 35. Bf2 Rd8 36. Ne4 Bd4 37. Bxd4 Rxd4 38. Ra5 b5 39. cxb5 axb5 40. Rxb5 Rd5
41. Rb7+ Rd7 42. Rb5 1/2-1/2

[Event "Bundesliga 9495"]
[Site "Deutschland"]
[Date "1995.??.??"]
[Round "?.1"]
[White "Gavrikov, Viktor"]
[Black "Hertneck, Gerald"]
[Result "1/2-1/2"]
[WhiteElo "2600"]
[BlackElo "2595"]
[PlyCount "61"]
[EventDate "1994.10.??"]
[EventType "team"]
[EventRounds "15"]
[EventCountry "GER"]
[SourceTitle "Bundesliga 9495"]
[Source "DeepChess"]
[SourceDate "2005.01.01"]
[SourceVersion "1"]
[SourceVersionDate "2005.01.01"]
[SourceQuality "1"]
[WhiteTeam "SK Zaehringen 1921"]
[BlackTeam "Muenchener SC 1836 e.V."]
[WhiteTeamCountry "GER"]
[BlackTeamCountry "GER"]

1. c4 e5 2. Nc3 Nf6 3. Nf3 Nc6 4. a3 e4 5. Ng5 Qe7 6. d3 exd3 7. Qxd3 Ne5 8.
Qc2 d6 9. e3 g6 10. Be2 Bg7 11. O-O O-O 12. e4 Re8 13. Re1 h6 14. Nf3 b6 15.
Bd2 Bb7 16. Nxe5 Qxe5 17. f3 c6 18. Bf1 Qe7 19. Be3 Rad8 20. Rad1 Kh7 21. Qd2
Qe6 22. Bd4 Qc8 23. Qf2 d5 24. cxd5 cxd5 25. e5 Nd7 26. f4 Nc5 27. Nb5 Ne4 28.
Qe3 Qb8 29. Bd3 f5 30. Rc1 Rc8 31. h3 1/2-1/2

[Event "Bundesliga 9495"]
[Site "Deutschland"]
[Date "1995.??.??"]
[Round "?.3"]
[White "Siegel, Georg"]
[Black "Tischbierek, Raj"]
[Result "1-0"]
[WhiteElo "2505"]
[BlackElo "2520"]
[PlyCount "93"]
[EventDate "1994.10.??"]
[EventType "team"]
[EventRounds "15"]
[EventCountry "GER"]
[SourceTitle "Bundesliga 9495"]
[Source "DeepChess"]
[SourceDate "2005.01.01"]
[SourceVersion "1"]
[SourceVersionDate "2005.01.01"]
[SourceQuality "1"]
[WhiteTeam "SK Zaehringen 1921"]
[BlackTeam "Muenchener SC 1836 e.V."]
[WhiteTeamCountry "GER"]
[BlackTeamCountry "GER"]

1. d4 Nf6 2. c4 e6 3. Nf3 d5 4. Nc3 Nbd7 5. cxd5 exd5 6. Bg5 Be7 7. e3 O-O 8.
Bd3 Re8 9. O-O c6 10. Qc2 Nf8 11. Rab1 Bg4 12. Ne5 Bh5 13. b4 Ng4 14. Bxe7 Qxe7
15. Nxg4 Bxg4 16. b5 Qg5 17. Ne2 Re6 18. bxc6 bxc6 19. Rb7 Rh6 20. Ng3 Qd8 21.
Bf5 Bxf5 22. Nxf5 Re6 23. Rfb1 Nd7 24. Qa4 g6 25. Ng3 a5 26. Ne2 Rd6 27. Nf4
Nf6 28. Rc1 Ne4 29. Nd3 Qc8 30. Rb6 Ra6 31. Rb2 Rf6 32. Nc5 Nxc5 33. Rxc5 Qc7
34. Qb3 Re6 35. Qxd5 Qxh2+ 36. Kxh2 cxd5 37. Rxd5 Rec6 38. Rc5 Rxc5 39. dxc5
Kf8 40. Kg3 Ke7 41. Rb7+ Ke8 42. Kf3 Rf6+ 43. Ke2 a4 44. Ra7 Rf5 45. Ra5 Kd7
46. e4 Rg5 47. c6+ 1-0

[Event "Bundesliga 9495"]
[Site "Deutschland"]
[Date "1995.??.??"]
[Round "?.4"]
[White "Pezerovic, Edin"]
[Black "Schmaltz, Roland"]
[Result "1/2-1/2"]
[WhiteElo "2400"]
[BlackElo "2450"]
[PlyCount "59"]
[EventDate "1994.10.??"]
[EventType "team"]
[EventRounds "15"]
[EventCountry "GER"]
[SourceTitle "Bundesliga 9495"]
[Source "DeepChess"]
[SourceDate "2005.01.01"]
[SourceVersion "1"]
[SourceVersionDate "2005.01.01"]
[SourceQuality "1"]
[WhiteTeam "Muenchener SC 1836 e.V."]
[BlackTeam "SK Zaehringen 1921"]
[WhiteTeamCountry "GER"]
[BlackTeamCountry "GER"]

1. Nf3 d6 2. d4 g6 3. c3 Bg7 4. e4 Nf6 5. Qc2 O-O 6. Be2 Nbd7 7. O-O e5 8. dxe5
dxe5 9. Rd1 Qe7 10. b3 b6 11. Ba3 Nc5 12. c4 c6 13. Nc3 Re8 14. Ne1 Nfd7 15.
Bg4 Qg5 16. Bxd7 Nxd7 17. Nf3 Qh5 18. Ne2 Bf8 19. Bc1 Qg4 20. Ng5 h6 21. Nf3
Qe6 22. Be3 Nf6 23. h3 Bb7 24. a4 Qe7 25. a5 Qc7 26. axb6 axb6 27. Ne1 Kh7 28.
f3 Nd7 29. Nd3 Bg7 30. Nc3 1/2-1/2

[Event "Bundesliga 9495"]
[Site "Deutschland"]
[Date "1995.??.??"]
[Round "?.5"]
[White "Brendel, Oliver"]
[Black "Sandor, Christian"]
[Result "0-1"]
[WhiteElo "2385"]
[BlackElo "2420"]
[PlyCount "74"]
[EventDate "1994.10.??"]
[EventType "team"]
[EventRounds "15"]
[EventCountry "GER"]
[SourceTitle "Bundesliga 9495"]
[Source "DeepChess"]
[SourceDate "2005.01.01"]
[SourceVersion "1"]
[SourceVersionDate "2005.01.01"]
[SourceQuality "1"]
[WhiteTeam "SK Zaehringen 1921"]
[BlackTeam "Muenchener SC 1836 e.V."]
[WhiteTeamCountry "GER"]
[BlackTeamCountry "GER"]

1. e4 e5 2. Nf3 Nc6 3. Nc3 Nf6 4. Be2 Bb4 5. Nd5 Ba5 6. O-O Nxe4 7. d4 d6 8.
Bd3 Nf6 9. Bg5 Be6 10. c4 exd4 11. Qa4 Bb6 12. Rae1 h6 13. Bh4 Kf8 14. Nxf6
gxf6 15. Qd1 Bg4 16. Re4 Ne5 17. Rxg4 Nxg4 18. Nd2 Rg8 19. Bf5 Ne3 20. fxe3
dxe3 21. Kh1 exd2 22. Qxd2 Rg5 23. Bxg5 hxg5 24. h4 Kg7 25. hxg5 fxg5 26. Bh3
Qe7 27. Qc3+ Qe5 28. Qf3 f6 29. Qxb7 Rh8 30. Qc6 Kg6 31. Qf3 Rh4 32. g4 Kg7 33.
b3 f5 34. Kg2 f4 35. Rd1 Rh6 36. Rd5 Qb2+ 37. Kf1 Qc1+ 0-1

[Event "Bundesliga 9495"]
[Site "Deutschland"]
[Date "1995.??.??"]
[Round "?.6"]
[White "Reich, Thomas"]
[Black "Vatter, Hans Joachim"]
[Result "1/2-1/2"]
[WhiteElo "2400"]
[BlackElo "2345"]
[PlyCount "115"]
[EventDate "1994.10.??"]
[EventType "team"]
[EventRounds "15"]
[EventCountry "GER"]
[SourceTitle "Bundesliga 9495"]
[Source "DeepChess"]
[SourceDate "2005.01.01"]
[SourceVersion "1"]
[SourceVersionDate "2005.01.01"]
[SourceQuality "1"]
[WhiteTeam "Muenchener SC 1836 e.V."]
[BlackTeam "SK Zaehringen 1921"]
[WhiteTeamCountry "GER"]
[BlackTeamCountry "GER"]

1. e4 c5 2. c3 Nf6 3. e5 Nd5 4. d4 cxd4 5. Nf3 e6 6. cxd4 d6 7. a3 Nd7 8. Bd3
dxe5 9. dxe5 Be7 10. O-O b6 11. Nbd2 Qc7 12. Re1 Bb7 13. Nb3 O-O 14. Qe2 Rfd8
15. Bd2 Rac8 16. Nbd4 Nf8 17. Nb5 Qb8 18. Rad1 Rd7 19. g3 Qa8 20. Be4 a6 21.
Nbd4 b5 22. Nb3 Nb6 23. Bxb7 Qxb7 24. Na5 Qa8 25. Bg5 Rxd1 26. Rxd1 Qa7 27.
Bxe7 Qxe7 28. Rd6 Qc7 29. Rc6 Qb8 30. Nd4 Ng6 31. Rxc8+ Nxc8 32. Ndc6 Qc7 33.
Qe3 Qd7 34. Qe4 h6 35. Nd4 Nb6 36. h4 Nd5 37. Nac6 Nge7 38. Nxe7+ Qxe7 39. Qc2
Qc7 40. Qxc7 Nxc7 41. Kg2 Kf8 42. h5 Ke7 43. f4 f6 44. exf6+ Kxf6 45. Nc6 Nd5
46. Kf3 Nb6 47. Ne5 Ke7 48. Ke4 Kd6 49. g4 Na4 50. Nd3 Nb6 51. Kd4 Nd5 52. b4
Nxf4 53. Nxf4 e5+ 54. Ke4 exf4 55. Kxf4 Ke6 56. g5 hxg5+ 57. Kxg5 Ke7 58. Kg6
1/2-1/2

[Event "Bundesliga 9495"]
[Site "Deutschland"]
[Date "1995.??.??"]
[Round "?.7"]
[White "Weindl, Alfred"]
[Black "Geisler, Fabian"]
[Result "0-1"]
[WhiteElo "2385"]
[BlackElo "2310"]
[PlyCount "122"]
[EventDate "1994.10.??"]
[EventType "team"]
[EventRounds "15"]
[EventCountry "GER"]
[SourceTitle "Bundesliga 9495"]
[Source "DeepChess"]
[SourceDate "2005.01.01"]
[SourceVersion "1"]
[SourceVersionDate "2005.01.01"]
[SourceQuality "1"]
[WhiteTeam "SK Zaehringen 1921"]
[BlackTeam "Muenchener SC 1836 e.V."]
[WhiteTeamCountry "GER"]
[BlackTeamCountry "GER"]

1. e4 c5 2. Nf3 Nc6 3. d3 g6 4. g3 Bg7 5. Bg2 e5 6. O-O Nge7 7. c3 O-O 8. a3
Rb8 9. b4 cxb4 10. axb4 b5 11. Be3 Qc7 12. d4 exd4 13. Nxd4 d6 14. f4 a5 15.
bxa5 Nxa5 16. Bf2 Bd7 17. Ra2 Rfc8 18. Qd3 Nc4 19. Nc2 Nc6 20. Nb4 Nxb4 21.
cxb4 Nb2 22. Qe3 Be6 23. Ra7 Qc4 24. f5 gxf5 25. exf5 Bxf5 26. Qe7 Qe6 27. Nd2
Nd3 28. Qxe6 Bxe6 29. Be3 Nxb4 30. Ne4 Nc6 31. Ra6 Bc4 32. Nf6+ Bxf6 33. Rxf6
Ne7 34. Bf4 Nd5 35. Bxd5 Bxd5 36. Rfxd6 Bc4 37. Rd4 Ra8 38. Rxa8 Rxa8 39. Bh6
f5 40. Rd7 Bf7 41. Rb7 Bc4 42. Kf2 Ra6 43. Bd2 Re6 44. Be3 Re8 45. h4 h5 46.
Rc7 Bd3 47. Rd7 Be4 48. Bg5 Re6 49. Bd2 Ra6 50. Ke3 Ra4 51. Rd4 Ra3+ 52. Kf4
Kf7 53. Ke5 Rxg3 54. Rd7+ Ke8 55. Rh7 Kd8 56. Rxh5 Kc7 57. Rh7+ Kb6 58. h5 Rd3
59. Bb4 Rd5+ 60. Kf4 Rd4 61. Rh6+ Bc6+ 0-1

[Event "Bundesliga 9495"]
[Site "Deutschland"]
[Date "1995.??.??"]
[Round "?.8"]
[White "Steinbacher, Matthias"]
[Black "Weidemann, Joerg"]
[Result "0-1"]
[WhiteElo "2345"]
[BlackElo "2295"]
[PlyCount "78"]
[EventDate "1994.10.??"]
[EventType "team"]
[EventRounds "15"]
[EventCountry "GER"]
[SourceTitle "Bundesliga 9495"]
[Source "DeepChess"]
[SourceDate "2005.01.01"]
[SourceVersion "1"]
[SourceVersionDate "2005.01.01"]
[SourceQuality "1"]
[WhiteTeam "Muenchener SC 1836 e.V."]
[BlackTeam "SK Zaehringen 1921"]
[WhiteTeamCountry "GER"]
[BlackTeamCountry "GER"]

1. Nf3 c5 2. b3 Nf6 3. Bb2 e6 4. g3 b6 5. Bg2 Bb7 6. O-O Be7 7. c4 O-O 8. Nc3
Nc6 9. d4 Nxd4 10. Nxd4 Bxg2 11. Kxg2 cxd4 12. Qxd4 Qc8 13. Ne4 Rd8 14. Rac1
Qb7 15. f3 d5 16. cxd5 Rxd5 17. Qc3 Ne8 18. Rc2 Rad8 19. Qe3 h6 20. Rfc1 Qd7
21. Qf4 f5 22. Rc7 Nxc7 23. Rxc7 Qe8 24. Nf2 R8d7 25. Nd3 Bd6 26. Rxd7 Qxd7 27.
Qe3 Bc5 28. Qf4 Bd4 29. Bxd4 Rxd4 30. Qb8+ Kh7 31. h4 Qe7 32. h5 Rd8 33. Qf4
Qd6 34. Qe3 Rc8 35. g4 fxg4 36. Qe4+ Kg8 37. Qxg4 Rc2 38. Qe4 Qd5 39. Qg6 Qg5+
0-1

[Event "Bundesliga 9495"]
[Site "Deutschland"]
[Date "1995.??.??"]
[Round "?.1"]
[White "Hertneck, Gerald"]
[Black "Zude, Arno"]
[Result "1/2-1/2"]
[WhiteElo "2595"]
[BlackElo "2430"]
[PlyCount "131"]
[EventDate "1994.10.??"]
[EventType "team"]
[EventRounds "15"]
[EventCountry "GER"]
[SourceTitle "Bundesliga 9495"]
[Source "DeepChess"]
[SourceDate "2005.01.01"]
[SourceVersion "1"]
[SourceVersionDate "2005.01.01"]
[SourceQuality "1"]
[WhiteTeam "Muenchener SC 1836 e.V."]
[BlackTeam "SV 1920 Hofheim"]
[WhiteTeamCountry "GER"]
[BlackTeamCountry "GER"]

1. d4 Nf6 2. Nf3 e6 3. e3 d5 4. Bd3 c5 5. b3 Nc6 6. a3 Be7 7. Nbd2 O-O 8. Bb2
b6 9. O-O Bb7 10. Re1 Rc8 11. dxc5 bxc5 12. e4 d4 13. Nc4 Qc7 14. Rc1 Rfd8 15.
c3 dxc3 16. Bxc3 Qb8 17. Qc2 h6 18. Qe2 Ba8 19. Rb1 Nd7 20. Red1 Nb6 21. e5 Nd4
22. Bxd4 Bxf3 23. Qxf3 Rxd4 24. Na5 Nd5 25. Ba6 Rc7 26. Bf1 Rc8 27. Nc4 Nb6 28.
Rxd4 cxd4 29. Qe4 Rc5 30. Bd3 g6 31. f4 Qd8 32. Rd1 Rc7 33. Nxb6 axb6 34. a4
Rc3 35. Bc4 Re3 36. Qxe3 dxe3 37. Rxd8+ Bxd8 38. Kf1 g5 39. g3 gxf4 40. gxf4
Be7 41. Ke2 Bc5 42. Kf3 Kg7 43. Ke4 Kg6 44. Be2 f6 45. Bc4 Be7 46. exf6 Kxf6
47. Kxe3 e5 48. h3 exf4+ 49. Kxf4 Bc5 50. Ke4 h5 51. Kd5 Bf2 52. Kc6 h4 53. b4
Kg7 54. a5 bxa5 55. bxa5 Kf6 56. a6 Kg7 57. Kb7 Kf6 58. a7 Bxa7 59. Kxa7 Kg7
60. Kb6 Kh8 61. Kc5 Kg7 62. Kd4 Kh8 63. Ke5 Kg7 64. Kf5 Kh8 65. Kg5 Kg7 66.
Kxh4 1/2-1/2

[Event "Bundesliga 9495"]
[Site "Deutschland"]
[Date "1995.??.??"]
[Round "?.4"]
[White "Schmitzer, Klaus"]
[Black "Tischbierek, Raj"]
[Result "0-1"]
[WhiteElo "2355"]
[BlackElo "2520"]
[PlyCount "90"]
[EventDate "1994.10.??"]
[EventType "team"]
[EventRounds "15"]
[EventCountry "GER"]
[SourceTitle "Bundesliga 9495"]
[Source "DeepChess"]
[SourceDate "2005.01.01"]
[SourceVersion "1"]
[SourceVersionDate "2005.01.01"]
[SourceQuality "1"]
[WhiteTeam "SV 1920 Hofheim"]
[BlackTeam "Muenchener SC 1836 e.V."]
[WhiteTeamCountry "GER"]
[BlackTeamCountry "GER"]

1. e4 c5 2. Nf3 d6 3. d4 cxd4 4. Nxd4 Nf6 5. Nc3 Nc6 6. Bg5 e6 7. Qd2 a6 8.
O-O-O Bd7 9. f3 h6 10. Be3 Qc7 11. g4 Ne5 12. h4 b5 13. Bd3 b4 14. Nce2 d5 15.
exd5 Nxd5 16. Bf2 Nxd3+ 17. Qxd3 Rc8 18. Qxa6 b3 19. a3 Bd6 20. Rd2 O-O 21.
Nxb3 Ra8 22. Qd3 Rfb8 23. Kd1 Bb5 24. Qe4 Bxa3 25. Bd4 Bb4 26. Be5 Qb6 27. Bxb8
Bxd2 28. Kxd2 Rxb8 29. Ned4 Bc4 30. g5 h5 31. g6 Nf6 32. gxf7+ Kxf7 33. Qe5 Rd8
34. Kc1 Rd5 35. Qe1 Rxd4 36. Nxd4 Qxd4 37. Qd2 Qa7 38. Qb4 Qa1+ 39. Kd2 Qxh1
40. Qxc4 Qxf3 41. b4 Ne4+ 42. Kc1 Qf4+ 43. Kb2 Qe5+ 44. Ka2 g5 45. hxg5 Qd5 0-1

[Event "Bundesliga 9495"]
[Site "Deutschland"]
[Date "1995.??.??"]
[Round "?.5"]
[White "Sandor, Christian"]
[Black "Schwamberger, Martin"]
[Result "1-0"]
[WhiteElo "2420"]
[BlackElo "2330"]
[PlyCount "81"]
[EventDate "1994.10.??"]
[EventType "team"]
[EventRounds "15"]
[EventCountry "GER"]
[SourceTitle "Bundesliga 9495"]
[Source "DeepChess"]
[SourceDate "2005.01.01"]
[SourceVersion "1"]
[SourceVersionDate "2005.01.01"]
[SourceQuality "1"]
[WhiteTeam "Muenchener SC 1836 e.V."]
[BlackTeam "SV 1920 Hofheim"]
[WhiteTeamCountry "GER"]
[BlackTeamCountry "GER"]

1. e4 e5 2. f4 d5 3. exd5 c6 4. Nc3 cxd5 5. fxe5 d4 6. Ne4 Nc6 7. Nf3 Qd5 8.
Bd3 Bg4 9. O-O Nxe5 10. Qe2 O-O-O 11. b3 Bxf3 12. gxf3 Nxd3 13. Qxd3 f5 14. Nf2
Kb8 15. Bb2 Nf6 16. Rae1 Bc5 17. Re2 Bb6 18. Rfe1 Bc7 19. Ba3 Qf7 20. Qxf5 Rd5
21. Qe6 Qg6+ 22. Kh1 Re8 23. Be7 Rd7 24. Qh3 Rd5 25. Bxf6 Rxe2 26. Rxe2 Qxf6
27. Re8+ Rd8 28. Ne4 Qc6 29. Rxd8+ Bxd8 30. Qg3+ Bc7 31. Qxg7 b6 32. Qg8+ Kb7
33. Qxh7 Ka6 34. b4 b5 35. Nc5+ Kb6 36. Qe4 Qxe4 37. fxe4 a5 38. Nb3 axb4 39.
Nxd4 Ka5 40. e5 Ka4 41. e6 1-0

[Event "Bundesliga 9495"]
[Site "Deutschland"]
[Date "1995.??.??"]
[Round "?.6"]
[White "Buchal, Stephan"]
[Black "Reich, Thomas"]
[Result "1/2-1/2"]
[WhiteElo "2355"]
[BlackElo "2400"]
[PlyCount "100"]
[EventDate "1994.10.??"]
[EventType "team"]
[EventRounds "15"]
[EventCountry "GER"]
[SourceTitle "Bundesliga 9495"]
[Source "DeepChess"]
[SourceDate "2005.01.01"]
[SourceVersion "1"]
[SourceVersionDate "2005.01.01"]
[SourceQuality "1"]
[WhiteTeam "SV 1920 Hofheim"]
[BlackTeam "Muenchener SC 1836 e.V."]
[WhiteTeamCountry "GER"]
[BlackTeamCountry "GER"]

1. e4 c5 2. Nf3 Nc6 3. Bb5 g6 4. Bxc6 dxc6 5. h3 Bg7 6. d3 e5 7. Be3 Qe7 8.
Nbd2 Nf6 9. O-O Nd7 10. c3 O-O 11. Nh2 Rd8 12. Qe2 Nf8 13. Rad1 Ne6 14. Nc4 Qc7
15. Nf3 b6 16. Rfe1 h6 17. Qc2 Ba6 18. a3 Rd7 19. b4 cxb4 20. cxb4 Rad8 21. a4
b5 22. axb5 Bxb5 23. Ra1 Qb8 24. Ra3 a6 25. Rb1 Nf4 26. Bxf4 exf4 27. e5 g5 28.
d4 Qa7 29. Nd6 Rxd6 30. exd6 Qd7 31. Re1 Qxd6 32. Qc5 Qd5 33. Rc3 Qxc5 34. bxc5
Bxd4 35. Nxd4 Rxd4 36. Rcc1 Rd7 37. Red1 Ra7 38. Rd4 a5 39. Rc3 a4 40. Ra3 Re7
41. g3 Re1+ 42. Kg2 fxg3 43. Rxg3 Rc1 44. h4 Rxc5 45. f4 Rc2+ 46. Kg1 Bc4 47.
hxg5 hxg5 48. Rxg5+ Kf8 49. Rc5 a3 50. Rdxc4 a2 1/2-1/2

[Event "Bundesliga 9495"]
[Site "Deutschland"]
[Date "1995.??.??"]
[Round "?.7"]
[White "Geisler, Fabian"]
[Black "Haubt, Georg"]
[Result "1/2-1/2"]
[WhiteElo "2310"]
[BlackElo "2275"]
[PlyCount "121"]
[EventDate "1994.10.??"]
[EventType "team"]
[EventRounds "15"]
[EventCountry "GER"]
[SourceTitle "Bundesliga 9495"]
[Source "DeepChess"]
[SourceDate "2005.01.01"]
[SourceVersion "1"]
[SourceVersionDate "2005.01.01"]
[SourceQuality "1"]
[WhiteTeam "Muenchener SC 1836 e.V."]
[BlackTeam "SV 1920 Hofheim"]
[WhiteTeamCountry "GER"]
[BlackTeamCountry "GER"]

1. e4 e5 2. Nf3 Nf6 3. d4 Nxe4 4. Bd3 d5 5. Nxe5 Bd6 6. O-O O-O 7. Nd2 f5 8.
Ndf3 Nc6 9. Nxc6 bxc6 10. c4 Qe8 11. c5 Be7 12. Bf4 Bd8 13. Re1 a5 14. Nd2 Bf6
15. Qa4 Qd7 16. Nb3 Ba6 17. Bxa6 Rxa6 18. f3 Ng5 19. Nc1 Ne6 20. Be5 Bxe5 21.
Rxe5 Nf4 22. Qd1 Ng6 23. Re1 Raa8 24. Nd3 f4 25. Qd2 Qf5 26. Re2 Rfe8 27. Rae1
Rxe2 28. Qxe2 Kf7 29. Nf2 a4 30. Ng4 Rb8 31. Qa6 Qd7 32. Qe2 Re8 33. Qxe8+ Qxe8
34. Rxe8 Kxe8 35. Kf1 h5 36. Nf2 Nh4 37. Nd3 Nf5 38. Nxf4 Nxd4 39. Kf2 h4 40.
Nd3 Ke7 41. Ke3 Ne6 42. a3 Kf6 43. g3 g5 44. Nb4 Nxc5 45. Nxc6 Nb3 46. f4 gxf4+
47. Kxf4 hxg3 48. hxg3 Nd2 49. Nb4 Ke6 50. Nd3 Ne4 51. g4 c5 52. Nc1 Nf2 53. b3
axb3 54. Nxb3 Nd3+ 55. Ke3 c4 56. a4 Ke5 57. Nd4 Nb4 58. a5 c3 59. Nf3+ Kf6 60.
Ne1 Kg5 61. Kd4 1/2-1/2

[Event "Bundesliga 9495"]
[Site "Deutschland"]
[Date "1994.??.??"]
[Round "?.1"]
[White "Van der Sterren, Paul"]
[Black "Hertneck, Gerald"]
[Result "0-1"]
[WhiteElo "2605"]
[BlackElo "2605"]
[PlyCount "68"]
[EventDate "1994.10.??"]
[EventType "team"]
[EventRounds "15"]
[EventCountry "GER"]
[SourceTitle "Bundesliga 9495"]
[Source "DeepChess"]
[SourceDate "2005.01.01"]
[SourceVersion "1"]
[SourceVersionDate "2005.01.01"]
[SourceQuality "1"]
[WhiteTeam "SV Castrop Rauxel 1923"]
[BlackTeam "Muenchener SC 1836 e.V."]
[WhiteTeamCountry "GER"]
[BlackTeamCountry "GER"]

1. d4 Nf6 2. c4 c5 3. d5 b5 4. cxb5 a6 5. bxa6 g6 6. Nc3 Bxa6 7. Nf3 d6 8. g3
Nbd7 9. Bg2 Bg7 10. O-O Nb6 11. Re1 O-O 12. Bf4 Nh5 13. Bg5 h6 14. Bc1 Nf6 15.
Rb1 Bc4 16. e4 Bxa2 17. Nxa2 Rxa2 18. e5 Nfxd5 19. e6 Ra4 20. Nh4 Rd4 21. exf7+
Rxf7 22. Qc2 g5 23. Nf5 Rc4 24. Qxc4 Nxc4 25. Bxd5 Ne5 26. Ra1 Qd7 27. Ra8+ Kh7
28. Bxf7 Nf3+ 29. Kf1 Qxf5 30. Rxe7 Qh3+ 31. Ke2 Nd4+ 32. Kd2 Qg2 33. Bg8+ Kg6
34. Bf7+ Kf6 0-1